| 000 | 01615nam a22002537a 4500 | ||
|---|---|---|---|
| 003 | NALT | ||
| 005 | 20220110123250.0 | ||
| 008 | 170720b th ||||| |||| 00| 0 tha d | ||
| 020 | _a9789746416320 | ||
| 040 | _aNALT | ||
| 090 |
_aKP 141 _bช572ก 2559 |
||
| 100 | 0 |
_910514 _aชินศักดิ์ ตัณฑิกุล |
|
| 245 | 1 | 0 |
_aกฎหมายในงานสถาปัตยกรรม : _bภาคที่ 3 สรุปภาพรวม ข้อสังเกตและการวิเคราะห์ และสรุปรวมกฎหมายสำคัญในงานสถาปัตยกรรม / _cชินศักดิ์ ตัณฑิกุล. |
| 250 | _aพิมพ์ครั้งที่ 1 | ||
| 260 |
_aกรุงเทพฯ : _bคณะสถาปัตยกรรมศาสตร์ มหาวิทยาลัยศิลปากร, _c2559. |
||
| 300 |
_a620 หน้า (เลขหน้า 937-1557) : _bภาพประกอบ, ตาราง ; _c26 ซม. |
||
| 650 | 4 |
_91555 _aกฎหมายก่อสร้าง |
|
| 650 | 4 |
_910518 _aการออกแบบสถาปัตยกรรม _xกฎหมายและระเบียบข้อบังคับ |
|
| 650 | 4 |
_910264 _aอาคาร _xกฎหมายและระเบียบข้อบังคับ |
|
| 710 | 2 |
_910480 _aมหาวิทยาลัยศิลปากร. _bคณะสถาปัตยกรรมศาสตร์ |
|
| 850 | _aNALT | ||
| 942 |
_2local _cLB |
||
| 998 |
_aben _cben _bphon _j104 _k สายฝน ดีงาม |
||
| 999 |
_c93155 _d93155 |
||